000 00647nam a2200229Ia 4500
003 OSt
005 20220928135450.0
006 a|||||r|||| 00| 0
007 ta
008 220927b |||||||| |||| 00| 0 eng d
024 _a2350
037 _cTextual
040 _aSDCL
_cSDCL
_beng
041 _2eng
_aeng
082 _aO-,1J54:g, M4
100 _aWaller Gary F Ed.
_9490821
245 0 _aSir philip Sidney and the interpretation of renaissance culture
260 _c1984
700 _a Moore Michael D Ed.
_9490822
942 _hO-,1J54:g, M4
_cTEXL
_2CC
999 _c806161
_d806161